| 000 | 00457 a2200157 4500 | ||
|---|---|---|---|
| 003 | NUST | ||
| 005 | 20230228152832.0 | ||
| 040 | _cNust | ||
| 082 | _a616.90,ZAK | ||
| 100 |
_aZakir, Abdur Razaq Khan _9109653 |
||
| 245 |
_aSertaan / سرطان (کینسر) بچاؤ کے طریقے (Urdu) / _cCol (R) Abdul Razzaq Khan Zakir |
||
| 260 |
_aIslamabad _bSultana Foundation _c1995 |
||
| 300 | _a199:p. | ||
| 650 |
_aCancer _928140 |
||
| 942 |
_2ddc _cBK _k616.90,ZAK |
||
| 999 |
_c188057 _d188057 |
||